| 000 | 00863nam a2200301 a 4500 | ||
|---|---|---|---|
| 003 | AR-BaBNM | ||
| 005 | 20251128203522.0 | ||
| 008 | 082120s2002 ||||||||||||||000 | spa|| | ||
| 040 | _cAR-BaBNM | ||
| 100 | 1 | _aDonni de Mirande, Nélida E. | |
| 245 | 0 | 0 | _aEl estructuralismo lingüístico en la Argentina |
| 250 | _a1ª ed. | ||
| 260 |
_aBuenos Aires _bEstrada _c1970 |
||
| 300 | _axi, 140 p. | ||
| 490 | 0 | _aBiblioteca de Ciencias de la Educación | |
| 650 | 4 | _aANALISIS LINGÜISTICO | |
| 650 | 4 | _aMODELOS LINGÜISTICOS | |
| 650 | 4 | _aTEORIA LINGÜISTICA | |
| 650 | 4 | _aGRAMATICA | |
| 650 | 4 | _aSEMANTICA | |
| 650 | 4 | _aESTRUCTURALISMO | |
| 653 | _aENSENANZA DE LA LENGUA | ||
| 700 | 1 | _aDe Gregorio de Mac, María Isabel de | |
| 700 | 1 | _aBoretti de Macchia, Susana H. | |
| 800 | 1 |
_aZanotti, Luis Jorge _edirector |
|
| 942 | _cBK | ||
| 998 | _cisola | ||
| 999 |
_c3748 _d3748 |
||